00317nam a2200109Ia 4500008004100000082000800041100001800049245002000067942000600087952009900093999001500192240331s9999 xx 000 0 und d bWOM aVarme,K.R. ed 0aWomen in Kerala cL 001040708LaWERCLbWERCLcSSCd2024-03-31l0o 305.402 WOMp1806r2024-03-31w2024-03-31yL c5438d5438